MARC details
| 000 -LEADER |
| campo de control de longitud fija |
00941nam a22002537a 4500 |
| 003 - IDENTIFICADOR DE NÚMERO DE CONTROL |
| campo de control |
OSt |
| 005 - FECHA Y HORA DE LA ÚLTIMA TRANSACCIÓN |
| campo de control |
20250910155226.0 |
| 008 - DATOS DE LONGITUD FIJA--INFORMACIÓN GENERAL |
| campo de control de longitud fija |
250910b |||||||| |||| 00| 0 eng d |
| 020 ## - NÚMERO INTERNACIONAL ESTÁNDAR DEL LIBRO |
| Número Internacional Estándar del Libro |
9789587613469 |
| 040 ## - FUENTE DE CATALOGACIÓN |
| Centro catalogador/agencia de origen |
CO-UdeC |
| Lengua de catalogación |
spa |
| Centro/agencia transcriptor |
CO-UdeC |
| 041 0# - CÓDIGO DE IDIOMA |
| Código de lengua del texto/banda sonora o título independiente |
spa |
| 082 ## - NÚMERO DE LA CLASIFICACIÓN DECIMAL DEWEY |
| Información de edición |
1a. ed. |
| Número de clasificación |
109 |
| Número de ítem |
N218 |
| 100 1# - ENTRADA PRINCIPAL--NOMBRE DE PERSONA |
| Nombre de persona |
Naranjo Boza, Nicolás |
| 245 13 - MENCIÓN DEL TÍTULO |
| Título |
La filosofía en la obra de Efe Gómez / |
| Mención de responsabilidad, etc. |
Nicolás Naranjo Boza |
| Número de parte o sección de la obra |
V.1 |
| Nombre de parte o sección de la obra |
La formación de Efe Gómez en la Escuela Nacional de Minas |
| 250 ## - MENCION DE EDICION |
| Mención de edición |
1a. ed. |
| 260 ## - PUBLICACIÓN, DISTRIBUCIÓN, ETC. |
| Lugar de publicación, distribución, etc. |
Medellín : |
| Nombre del editor, distribuidor, etc. |
Universidad Nacional de Colombia, |
| Fecha de publicación, distribución, etc. |
2012 |
| 300 ## - DESCRIPCIÓN FÍSICA |
| Extensión |
123 p. : |
| Otras características físicas |
fot. ; |
| Dimensiones |
24 cm |
| 490 0# - MENCIÓN DE SERIE |
| Mención de serie |
Colección Facultad de Minas 125 años |
| 500 ## - NOTA GENERAL |
| Nota general |
Incluye índice onomástico |
| 600 14 - PUNTO DE ACCESO ADICIONAL DE MATERIA--NOMBRE DE PERSONA |
| Nombre de persona |
Gómez, Efe, |
| Fechas asociadas al nombre |
1873-1938 |
| Subdivisión general |
Crítica e interpretación |
| 600 24 - PUNTO DE ACCESO ADICIONAL DE MATERIA--NOMBRE DE PERSONA |
| Nombre de persona |
Gómez, Efe |
| Fechas asociadas al nombre |
1873-1938 |
| Subdivisión general |
Pensamiento filosófico |
| 650 14 - PUNTO DE ACCESO ADICIONAL DE MATERIA--TÉRMINO DE MATERIA |
| Término de materia o nombre geográfico como elemento de entrada |
Filosofía colombiana |
| Subdivisión cronológica |
Siglo XX |
| 942 ## - ELEMENTOS DE ENTRADA SECUNDARIOS (KOHA) |
| Fuente del sistema de clasificación o colocación |
Clasificación Decimal Dewey |
| Tipo de ítem Koha |
Libros |
| Edición |
2a. ed. |
| Parte de la signatura que corresponde a la clasificación (Parte de la clasificación) |
109 |
| Parte de la signatura que identifica el ejemplar (Parte del ítem) |
N218 |
| Suprimir en OPAC |
No |